书目信息 |
| 题名: |
高聚物流变学
|
|
| 作者: | 金日光 , 马秀清 主编 | |
| 分册: | ||
| 出版信息: | 上海 华东理工大学出版社 2012.04 |
|
| 页数: | 410页 | |
| 开本: | 26cm | |
| 丛书名: | ||
| 单 册: | ||
| 中图分类: | O631.2 | |
| 科图分类: | ||
| 主题词: | 高聚物--流变学 , 高聚物 , 流变学 | |
| 电子资源: | ||
| ISBN: | 978-7-5628-2831-0 | |
| 000 | 00947nam0 2200301 450 | |
| 001 | 010050009625 | |
| 005 | 20130427084633.53 | |
| 010 | @a978-7-5628-2831-0@dCNY88.00 | |
| 100 | @a20120525d2012 em y0chiy0110 ea | |
| 101 | 0 | @achi |
| 102 | @aCN@b310000 | |
| 105 | @ay z 000yy | |
| 106 | @ar | |
| 200 | 1 | @a高聚物流变学@9gao ju wu liu bian xue@f金日光,马秀清主编 |
| 210 | @a上海@c华东理工大学出版社@d2012.04 | |
| 215 | @a410页@d26cm | |
| 300 | @a“十二五”上海重点图书 | |
| 312 | @a封面英文题名:Polymer rheology | |
| 330 | @a本书介绍了高聚物流变性能的一般特征、高聚物流变学数学基础、流变学基础方程式、聚合物流变性能、本构方程等内容。 | |
| 510 | 1 | @aPolymer rheology@zeng |
| 606 | 0 | @a高聚物@x流变学 |
| 606 | 0 | @a高聚物 |
| 606 | 0 | @a流变学 |
| 690 | @aO631.2@v5 | |
| 701 | 0 | @a金日光@9jin ri guang@f(1933.9~)@4主编 |
| 701 | 0 | @a马秀清@9ma xiu qing@4主编 |
| 801 | 0 | @aCN@bNLC@c20120706 |
| 905 | @b542082-84@dO631.2@e70@f3 | |
| 高聚物流变学/金日光,马秀清主编.-上海:华东理工大学出版社,2012.04 |
| 410页;26cm |
| “十二五”上海重点图书 |
| ISBN 978-7-5628-2831-0:CNY88.00 |
| 本书介绍了高聚物流变性能的一般特征、高聚物流变学数学基础、流变学基础方程式、聚合物流变性能、本构方程等内容。 |
| ● |
| 相关链接 |
|
|
|
|
正题名:高聚物流变学
索取号:O631.2/70
 
预约/预借
| 序号 | 登录号 | 条形码 | 馆藏地/架位号 | 状态 | 备注 |
| 1 | 542082 | 205420828 | 第二样本阅览室/ [索取号:O631.2/70] | 在馆 | |
| 2 | 542083 | 205420837 | 密集书库-化学系/ [索取号:O631.2/70] | 在馆 | |
| 3 | 542084 | 205420846 | 第三借阅区/ [索取号:O631.2/70] | 在馆 |